| 000 | 00703nam a2200253Ia 4500 | ||
|---|---|---|---|
| 005 | 20251020182456.0 | ||
| 008 | 200515s9999 xx 000 0 und d | ||
| 020 | _a968-18-1514-9 | ||
| 082 | _a624.05(047)/P28 | ||
| 100 | _aPaterson, John | ||
| 245 | 0 | _aMétodos de información para diseño y construcción | |
| 250 | _a1a ed. | ||
| 260 | _aMéxico, D.F. | ||
| 260 | _bLIMUSA | ||
| 260 | _c1982 | ||
| 300 | _a225 p. | ||
| 300 | _bil., tbl., graf. | ||
| 500 | _a1 ejemplar | ||
| 520 | _aAbarca temas como el flujo de información, diseño, comunicación, construcción y mantenimiento. | ||
| 650 | _aCONSTRUCCION | ||
| 650 | _aSISTEMAS DE INFORMACION | ||
| 942 | _cLIB | ||
| 999 |
_c1016 _d1016 |
||